| 000 | 00803nam a22002177a 4500 | ||
|---|---|---|---|
| 005 | 20240530110355.0 | ||
| 008 | 150106s2009 ua o a 000 0 ara d | ||
| 017 |
_a2008/19347 _bمصر . دار الكتب المصرية |
||
| 020 | _a9789770915178 | ||
| 040 | _aEG-CaGPL | ||
| 041 | 1 |
_aara _heng |
|
| 082 | 0 | 4 |
_221 _a751.09 _bط/و ق |
| 100 | 1 | _aويتلى ، ابيجايل | |
| 245 | 1 | 0 |
_aقصة الرسم / _cاعداد ابيجايل ويتلى ؛ تصميم زوى راى ؛ ترجمة نوران ابراهيم ؛ تحرير اميرة ابو المجد |
| 250 | _aط 1 | ||
| 260 |
_aالقاهرة : _bدار الشروق ، _c2009 |
||
| 300 |
_a95 ص : _bصور ؛ _c30 سم |
||
| 650 | 0 | 4 |
_aالرسم _xتاريخ |
| 942 |
_2ddc _cBK |
||
| 999 |
_c60153 _d60153 |
||